Návrh zlepšenia uplatňovania leadershipu v priemyselných podnikoch v SR

Salvato in:
Dettagli Bibliografici
Autore principale: Paulovčák, Patrik, 1984- (Autore)
Altri autori: Šujanová, Jana, 1961- (Relatore della tesi)
Natura: Manoscritto Libro
Lingua:slovacco
Pubblicazione: STU v Bratislave MTF UPMK, 2010
Soggetti:
Accesso online:VAIS
Tags: Aggiungi Tag
Nessun Tag, puoi essere il primo ad aggiungerne!!

MARC

LEADER 00000ntm a22000003a 4500
001 stu206557
005 20160719160214.6
008 100707s2010------------------------slo-d
040 |a STU  |b slo 
041 0 |a slo 
100 1 |a Paulovčák, Patrik,  |d 1984-  |4 aut  |X 27084  |7 A000027084 
242 0 0 |a Proposal for improving the implementation of leadership in industrial enterprises in the Slovak Republic   |y eng 
245 1 |a Návrh zlepšenia uplatňovania leadershipu v priemyselných podnikoch v SR 
260 |b STU v Bratislave MTF UPMK,  |c 2010 
650 7 |a leader  |2 estusub 
650 7 |a sémantický diferenciál  |2 stusub 
700 1 |a Šujanová, Jana,  |d 1961-  |4 ths  |u M4000  |U MTF Materiálovotechnologická fakulta  |T MTF Ústav priemyselného inžinierstva a manažmentu  |X 2306  |U M4000  |Y 84  |7 A000002306 
856 4 |a info a plný text  |u http://is.stuba.sk/zp/portal_zp.pl?podrobnosti=58390  |3 VAIS 
996 |c M*DP-9442  |l MMSKP  |s P  |a 0  |w stu206557_0001